BASIC & CLINICAL PHARMACOLOGY (Record no. 4097)

MARC details
000 -LEADER
fixed length control field 00369nam a2200145Ia 4500
008 - FIXED-LENGTH DATA ELEMENTS--GENERAL INFORMATION
fixed length control field 150201s1999 xx 000 0 und d
082 ## - DEWEY DECIMAL CLASSIFICATION NUMBER
Classification number 615.321
Item number B1999K
100 ## - MAIN ENTRY--PERSONAL NAME
Personal name KATZUNG,BERTRMAN
245 ## - TITLE STATEMENT
Title BASIC & CLINICAL PHARMACOLOGY
250 ## - EDITION STATEMENT
Edition statement 6H
260 ## - PUBLICATION, DISTRIBUTION, ETC. (IMPRINT)
Name of publisher, distributor, etc. LANGE PUBLICATION
Place of publication, distribution, etc. EASTNORWALLC
Date of publication, distribution, etc. 1999
300 ## - PHYSICAL DESCRIPTION
Extent 1-1045
650 ## - SUBJECT ADDED ENTRY--TOPICAL TERM
Topical term or geographic name as entry element PHARMACOLOGY
942 ## - ADDED ENTRY ELEMENTS (KOHA)
Source of classification or shelving scheme Dewey Decimal Classification
Koha item type Books
Koha issues (borrowed), all copies 1
Holdings
Withdrawn status Lost status Source of classification or shelving scheme Damaged status Not for loan Home library Current library Date acquired Source of acquisition Cost, normal purchase price Serial Enumeration / chronology SGTU Bill Number Total Checkouts Full call number Barcode Date last seen Date last checked out Bill Date Koha item type Collection code Shelving location
    Dewey Decimal Classification     SGT Dental Library SGT Dental Library 10/06/2008 CENTRAL STORE 750.00 1 SGTU 1023 1 615.321 B1999K FD5474 17/07/2024 17/07/2024 06/02/2013 Books    
    Dewey Decimal Classification     SGT Medical Library SGT Medical Library 08/11/2017   1495.00   SGTU 8371   615.321 B1999K FM8749 08/11/2017   26/06/2017 Books MEDICAL Reference Book
    Dewey Decimal Classification     SGT Medical Library SGT Medical Library 08/11/2017   1495.00   SGTU 8371   615.321 B1999K FM8750 08/11/2017   26/06/2017 Books MEDICAL Reference Book